Plaisirs cruels (Record no. 166416)

MARC details
000 -LEADER
campo de control de longitud fija 00767nam a22001815i 4500
001 - NÚMERO DE CONTROL
campo de control 166416
003 - IDENTIFICADOR DE NÚMERO DE CONTROL
campo de control ES-MaACL
005 - FECHA Y HORA DE LA ÚLTIMA TRANSACCIÓN
campo de control 20260316165935.0
008 - DATOS DE LONGITUD FIJA--INFORMACIÓN GENERAL
campo de control de longitud fija 050915s1895 fr | |||||||| ||fre d
100 1# - ENTRADA PRINCIPAL--NOMBRE DE PERSONA
Nombre de persona Tolstói, Lev,
Fechas asociadas al nombre 1828-1910
9 (RLIN) 110489
245 10 - MENCIÓN DEL TÍTULO
Título Plaisirs cruels
Resto del título : contenant la profession de foi de l'auteur /
Mención de responsabilidad, etc. Léon Tolstoi ; traduit du russe par E. Halpérine-Kaminsky ; préface par Charles Richet.
260 ## - PUBLICACIÓN, DISTRIBUCIÓN, ETC.
Lugar de publicación, distribución, etc. Paris :
Nombre del editor, distribuidor, etc. Bibliothèque-Charpentier,
Fecha de publicación, distribución, etc. 1895 (
Lugar de fabricación/manufactura Sceaux :
Fabricante Imp. Charaire et Cie)
300 ## - DESCRIPCIÓN FÍSICA
Extensión VII, 282 p. ;
Dimensiones 18 cm.
700 1# - ENTRADA AGREGADA--NOMBRE PERSONAL
Nombre de persona Gal'perin-Kaminskij, Il'â Danilovic,
Fechas asociadas al nombre 1858-1936
9 (RLIN) 127773
700 1# - ENTRADA AGREGADA--NOMBRE PERSONAL
Nombre de persona Richet, Charles (
Fechas asociadas al nombre 1850-1935)
9 (RLIN) 96954
852 ## - LOCALIZACIÓN
Ubicación ES-MaACL
Número de control de estantería F-9549
Nota libre - Enc. hol. conservando cub. original
Holdings
Estatus retirado Estado de pérdida Estado de daño No para préstamo Colección Biblioteca de origen Biblioteca actual Ubicación en estantería Fecha de adquisición Fuente de adquisición Total de préstamos Signatura topográfica completa Código de barras Visto por última vez Precio de reemplazo Tipo de ítem Koha
        Libros del s. XIX Biblioteca del Ateneo de Madrid Biblioteca del Ateneo de Madrid Sala Pecera Planta 2 17/01/2008     F-9549 1174537 23/02/2023 23/02/2023 Libro impreso antiguo